[Event "9th Georgiev-Kesarovski Mem"]
[Site "Sunny Beach BUL"]
[Date "2010.09.04"]
[Round "8"]
[White "Ivanov,StojanL"]
[Black "Markidis,K"]
[Result "0-1"]
[WhiteElo "2223"]
[BlackElo "2342"]

1.e4 e6 2.d4 d5 3.Nd2 Be7 4.Ngf3 Nf6 5.e5 Nfd7 6.Bd3 c5 7.c3 Nc6 8.O-O g5
9.h3 h5 10.g4 hxg4 11.hxg4 Qb6 12.Qa4 Qc7 13.Re1 Nb6 14.Qd1 Bd7 15.Nf1 O-O-O
16.Nxg5 Rdf8 17.Be3 Qd8 18.Nh7 Rfg8 19.Qf3 Nc4 20.Bc1 cxd4 21.cxd4 Nxd4 22.Qf4 Nf5
23.Nf6 Bxf6 24.exf6 e5 25.Rxe5 Nxe5 26.Qxe5 Rxg4+ 27.Ng3 Nxg3 28.fxg3 Qc7
29.Bf4 Rxf4 30.Qxc7+ Kxc7 31.gxf4 Rh6 32.Kg2 Rxf6 33.Kf3 Rh6 34.Ke3 Kd6 35.Rd1 Rh2
36.Bc4 Bc6 37.b4 Rh3+ 38.Kf2 Rc3 39.Bb3 a6 40.Rh1 Rd3 41.Rh6+ Ke7 42.Rh5 Rd4
43.Ke3 Re4+ 44.Kd3 Rxf4 45.Bxd5 Bxd5 46.Rxd5 Rxb4 47.Rc5 Kd6 48.Rf5 Ke6 49.Rc5 Ra4
50.Rc2 f5 51.Ke3 Kd5 52.Rc7 b5 53.Rc2 Rc4 54.Rd2+ Ke5 55.Rd8 Rc3+ 56.Ke2 Ra3
57.Rd2 b4 58.Rc2 a5 59.Rd2 Ke4 60.Rc2 Rc3 61.Rd2 Rh3 62.Ke1 Rh1+ 63.Ke2 Rh2+  0-1

[Event "9th Georgiev-Kesarovski Mem"]
[Site "Sunny Beach BUL"]
[Date "2010.09.04"]
[Round "8"]
[White "Daskalov,D"]
[Black "Yakimenko,A"]
[Result "1/2-1/2"]
[WhiteElo "2021"]
[BlackElo "2091"]

1.e4 e6 2.d4 d5 3.Nd2 Nc6 4.Ngf3 Nf6 5.e5 Nd7 6.c3 f6 7.exf6 Qxf6 8.Bb5 Bd6
9.O-O O-O 10.Qe2 e5 11.dxe5 Ndxe5 12.Nd4 Qh4 13.f4 Bg4 14.Qf2 Qh5 15.Qe3 Ng6
16.Nxc6 bxc6 17.Bxc6 Nxf4 18.Nf3 Nxg2 19.Kxg2 Qh3+ 20.Kg1 Bxf3 21.Rxf3 Qxh2+
22.Kf1 Rxf3+ 23.Qxf3 Rf8 24.Bxd5+ Kh8 25.Bf7 Bc5 26.b4 Bb6 27.a4 a6 28.a5 Ba7
29.b5 axb5 30.Ba3 Rd8 31.Re1 Qg1+ 32.Ke2 Qh2+  1/2-1/2

[Event "7th LGA Premium Cup"]
[Site "Nuremberg GER"]
[Date "2010.09.05"]
[Round "7"]
[White "Klundt,K"]
[Black "Stiller,J"]
[Result "1-0"]
[WhiteElo "2355"]
[BlackElo "2195"]

1.e4 e6 2.d4 d5 3.Nd2 a6 4.Ngf3 Nf6 5.Bd3 Be7 6.O-O c5 7.exd5 Nxd5 8.dxc5 Bxc5
9.Ne4 Be7 10.c4 Nf6 11.Qe2 Nbd7 12.Bf4 Nxe4 13.Bxe4 Nf6 14.Rfd1 Qb6 15.Bc2 O-O
16.Ne5 Rd8 17.Rxd8+ Qxd8 18.Rd1 Qe8 19.Bg5 g6 20.Qf3 Kg7 21.h4 Ng8 22.Ba4 Qf8
23.Nd7 Bxd7 24.Rxd7  1-0

[Event "9th Georgiev-Kesarovski Mem"]
[Site "Sunny Beach BUL"]
[Date "2010.09.05"]
[Round "9"]
[White "Pantev,V"]
[Black "Rusev,K"]
[Result "0-1"]
[WhiteElo "2371"]
[BlackElo "2543"]

1.e4 e6 2.d4 d5 3.Nd2 Be7 4.Ngf3 Nf6 5.e5 Nfd7 6.c3 c5 7.Be2 Nc6 8.O-O a6
9.a3 cxd4 10.cxd4 f6 11.exf6 Nxf6 12.b4 O-O 13.Bb2 Bd7 14.Ne5 Be8 15.Ndf3 Nxe5
16.dxe5 Nd7 17.Nd4 Qb6 18.Bg4 Bf7 19.Nb3 Rac8 20.Bd4 Qc7 21.Rc1 Qb8 22.f4 b6
23.Qd2 a5 24.Be2 a4 25.Na1 b5 26.Nc2 Bd8 27.Be3 Nb6 28.Bc5 Rxc5 29.bxc5 Nc4
30.Bxc4 bxc4 31.Nd4 Be7 32.f5 exf5 33.Nxf5 Bxc5+ 34.Kh1 Qxe5 35.Rce1 Qc7
36.h3 Qd8 37.Re5 Bxa3 38.Rf3 Qf6 39.Qd4 Bb4 40.Ne7+ Bxe7 41.Rxf6 Bxf6 42.Qf4 a3  0-1

[Event "12th Open"]
[Site "Trieste ITA"]
[Date "2010.09.05"]
[Round "2"]
[White "Tzermiadianos,An"]
[Black "Archangelsky,M"]
[Result "1-0"]
[WhiteElo "2426"]
[BlackElo "2212"]

1.e4 e6 2.d4 d5 3.Nd2 a6 4.Bd3 c5 5.dxc5 Bxc5 6.Ngf3 Nc6 7.O-O Nb4 8.Be2 dxe4
9.Nxe4 Qxd1 10.Rxd1 Be7 11.a3 Nd5 12.c4 Ngf6 13.Ng3 Nb6 14.Ne5 Nbd7 15.Nd3 b6
16.Bf3 Ra7 17.Bf4 Bb7 18.Bxb7 Rxb7 19.Nb4 Nc5 20.Nc6 Nb3 21.Rab1 Rd7 22.Rxd7 Nxd7
23.Rd1 Ndc5 24.Nh5 f6 25.Nxg7+ Kf7 26.Nxe7 Kxe7 27.Bd6+ Kf7 28.Bxc5 bxc5
29.Rd7+ Kg6 30.Nxe6 Re8 31.Nf4+ Kf5 32.g3 Kg4 33.Kg2 Nd4 34.Rxh7 Re2 35.h3+  1-0

[Event "11th WUCC Women"]
[Site "Zuerich SUI"]
[Date "2010.09.06"]
[Round "3"]
[White "Salman,Ma"]
[Black "Nakhbayeva,G"]
[Result "1/2-1/2"]
[WhiteElo "2001"]
[BlackElo "2216"]

1.e4 e6 2.d4 d5 3.Nd2 a6 4.Ngf3 Nf6 5.Bd3 c5 6.exd5 exd5 7.dxc5 Bxc5 8.O-O O-O
9.Nb3 Be7 10.h3 Nc6 11.Be3 Be6 12.Nbd4 Qd7 13.Re1 Rfe8 14.Nxe6 Qxe6 15.Nd4 Nxd4
16.Bxd4 Qc6 17.Qf3 Rad8 18.Qf5 g6 19.Qf3 Rd6 20.Re3 Re6 21.Rae1 Bd8 22.c4 Rxe3
23.Rxe3 Rxe3 24.Bxe3 Qa4 25.cxd5 Qxa2 26.Bd4 Qxd5 27.Qxd5 Nxd5 28.Be4 Bb6
29.Bxb6 Nxb6 30.b4 a5 31.bxa5 Nc4 32.Bxb7 Nxa5 33.Bd5 Kf8 34.Kf1 Ke7 35.Ke2 f6
36.Kf3 Kd6 37.Bg8 h6 38.Ke4 Nc6 39.f4 Ke7 40.g4 g5 41.Bd5 Nb4 42.Bc4 Nc2
43.Bb3 Ne1 44.fxg5 hxg5 45.Bc4 Ng2 46.Bf1 Nh4 47.Kd5 Nf3 48.Be2 Ne5 49.Ke4 Ke6
50.Bd1 Nd7 51.Bb3+ Ke7 52.Kf5 Nc5 53.Bc4 Nb7 54.Bd5 Nd6+ 55.Kg6 Nb5 56.h4 gxh4
57.g5 fxg5 58.Kxg5 h3 59.Kg4 h2 60.Kg3 Kd6 61.Bh1  1/2-1/2

[Event "ch-ESP"]
[Site "El Sauzal ESP"]
[Date "2010.09.07"]
[Round "4"]
[White "Salido Polo,V"]
[Black "Korneev,S"]
[Result "1-0"]
[WhiteElo "1972"]
[BlackElo "1787"]

1.e4 e6 2.d4 d5 3.Nd2 Be7 4.Bd3 Nf6 5.e5 Nfd7 6.Ne2 c5 7.c3 Nc6 8.O-O Qb6
9.Nf3 cxd4 10.cxd4 f6 11.exf6 Bxf6 12.Ng5 Nf8 13.Re1 h6 14.Nf3 Bd7 15.Nc3 O-O-O
16.Bf4 g5 17.Na4 Qb4 18.a3 Qe7 19.Bg3 Nxd4 20.Nxd4 Bxd4 21.Rc1+ Bc6 22.Bb5 Qf6
23.Bxc6 bxc6 24.Rxc6+ Kd7 25.Rc7+ Ke8 26.Nc5 Bxc5 27.Rxc5 Rh7 28.Rxd5 Rhd7
29.Qh5+ Ke7 30.Be5 Qg6 31.Rxd7+ Rxd7 32.Qxg6 Nxg6 33.Bg7 h5 34.g3 Kf7 35.Bc3 Rd5
36.Re4 a6 37.Ra4 Rd6 38.Ra5 h4 39.Bb4 Rc6 40.Rxg5 h3 41.Bc5 e5 42.b4 Kf6
43.Rh5 a5 44.Rxh3 axb4 45.axb4 Kf5 46.f3 Ra6 47.Rh7 Ra1+ 48.Kg2 Ra2+ 49.Bf2 e4
50.Rh5+ Ke6 51.fxe4 Ne5 52.Rf5 Re2 53.b5 Rxe4 54.Rf4 Re2 55.b6 Nd3 56.Rf8 Rb2
57.g4 Ne5 58.g5 Nd7 59.Rf3 Ke7 60.Kg3 Ne5 61.Bc5+ Ke6 62.Bd4  1-0

[Event "12th Open"]
[Site "Trieste ITA"]
[Date "2010.09.08"]
[Round "6"]
[White "Cherin,D"]
[Black "Archangelsky,M"]
[Result "1-0"]
[WhiteElo "2285"]
[BlackElo "2212"]

1.e4 e6 2.d4 d5 3.Nd2 Nc6 4.Ngf3 Nf6 5.e5 Nd7 6.c3 f6 7.Bb5 fxe5 8.dxe5 Be7
9.Qe2 O-O 10.h4 Rf5 11.Bd3 Rh5 12.Ng5 Ndxe5 13.Qxh5 Nxd3+ 14.Kf1 h6 15.Nf7 Nf4
16.Nxh6+ gxh6 17.Qg4+ Bg5 18.hxg5 e5 19.Qg3 Qxg5 20.Qxg5+ hxg5 21.Nf3 Bf5
22.Bxf4 gxf4 23.Rh5 Bd3+ 24.Kg1 Re8 25.Re1 Be4 26.Nd2 Bg6 27.Rg5 Kf7 28.f3 Kf6
29.Rg4 Rh8 30.g3 fxg3 31.Rxg3 Ne7 32.Kf2 Nf5 33.Rg2 Be8 34.Reg1 c5 35.c4 d4
36.Ne4+ Ke7 37.Rg5 Rh2+ 38.R1g2 Rxg2+ 39.Kxg2 Ne3+ 40.Kg3 b6 41.Rxe5+ Kf8
42.b3 Bg6 43.Kf4 Nc2 44.Rg5 Kf7 45.Ke5 Nb4 46.Rg2 Nd3+ 47.Kd6 Nf4 48.Rh2 Kg7
49.Kc7 Kf7 50.Nd2 Kf6 51.Kb7 d3 52.Kxa7 Ke5 53.Kxb6 Kd4 54.a4 Ne2 55.a5 Ke3
56.Nf1+ Kxf3 57.a6 Be4 58.a7 Kg4 59.Nd2 Ba8 60.Rh8  1-0

[Event "6th ch-EU"]
[Site "Arvier ITA"]
[Date "2010.09.09"]
[Round "6"]
[White "Tate,A"]
[Black "Vernay,C"]
[Result "0-1"]
[WhiteElo "2234"]
[BlackElo "2460"]

1.e4 e6 2.d4 d5 3.Nd2 Be7 4.Ngf3 Nf6 5.e5 Nfd7 6.c4 c5 7.cxd5 exd5 8.Bd3 Nc6
9.O-O Qb6 10.Re1 Nf8 11.dxc5 Bxc5 12.Re2 Bg4 13.Nb3 Bxf3 14.gxf3 Ne6 15.Nxc5 Qxc5
16.f4 g6 17.Kh1 Qe7 18.Re1 Ncd4 19.Be3 Qh4 20.f5 gxf5 21.Qa4+ Kf8 22.Qb4+ Qe7
23.Bh6+ Ke8 24.Qa5 Qc5 25.Qa4+ Qc6 26.Qd1 Rg8 27.Rc1 Nc5 28.e6 Ndxe6 29.Bxf5 d4+
30.f3 Qd5 31.Bxe6 Nxe6 32.Bf4 Rg6 33.Re5 Qd8 34.Rc7 Kf8 35.Rxe6 Rxe6 36.Qc2 Qd5
37.Kg2 Rg6+ 38.Bg3 Re8  0-1

[Event "FSIMB September"]
[Site "Budapest HUN"]
[Date "2010.09.09"]
[Round "6"]
[White "Farago,S"]
[Black "Steadman,M"]
[Result "0-1"]
[WhiteElo "2272"]
[BlackElo "2309"]

1.e4 e6 2.d4 d5 3.Nd2 Nc6 4.Ngf3 Nf6 5.e5 Nd7 6.c3 f6 7.Bd3 fxe5 8.dxe5 g6
9.Qe2 Bg7 10.h4 Ndxe5 11.Nxe5 Nxe5 12.Bc2 Qf6 13.Nb3 Nc4 14.h5 Bd7 15.Nc5 O-O-O
16.Nxd7 Rxd7 17.Rh3 e5 18.b3 Nd6 19.Bd2 e4 20.O-O-O Rf8 21.f3 Re8 22.hxg6 hxg6
23.fxe4 Nxe4 24.Be1 Qc6 25.Rhd3 Qc5 26.Qg4 Qa3+ 27.Kb1 Nf6 28.Qxg6 Re6 29.R3d2 Ne4
30.Bxe4 Rxg6 31.Bxg6 Bxc3 32.Re2 Bf6 33.Bf5 c6 34.Bg3 Kd8 35.Bxd7 Kxd7 36.Rf1 Qa6
37.Rff2 Qd3+ 38.Rc2 Qd4 39.Rb2 Qd1+  0-1

[Event "5th XtraCon Open"]
[Site "Borup DEN"]
[Date "2010.09.10"]
[Round "6"]
[White "Pedersen,Sven2"]
[Black "Vovk,Ok"]
[Result "0-1"]
[WhiteElo "2106"]
[BlackElo "2157"]

1.e4 e6 2.d4 d5 3.Nd2 Nc6 4.Ngf3 Nf6 5.e5 Nd7 6.Be2 f6 7.exf6 Qxf6 8.Nb3 Bd6
9.Bg5 Qf7 10.Bh4 O-O 11.Bg3 Nf6 12.Ne5 Bxe5 13.dxe5 Ne4 14.O-O Nxg3 15.fxg3 Qe7
16.Rxf8+ Qxf8 17.Qd2 Nxe5 18.Rf1 Qd6 19.Qf4 Bd7 20.Bd3 Nxd3 21.Qf7+ Kh8 22.cxd3 Rg8
23.d4 Bb5 24.Rf4 Be8  0-1

[Event "FSIMB September"]
[Site "Budapest HUN"]
[Date "2010.09.11"]
[Round "8"]
[White "To,N"]
[Black "Steadman,M"]
[Result "1-0"]
[WhiteElo "2426"]
[BlackElo "2309"]

1.e4 e6 2.d4 d5 3.Nd2 Nc6 4.Ngf3 Nf6 5.e5 Nd7 6.Be2 f6 7.exf6 Qxf6 8.Nf1 Bd6
9.Ne3 O-O 10.O-O Qg6 11.g3 Nf6 12.Nh4 Qe8 13.f4 a6 14.c3 Bd7 15.Ng4 Nxg4
16.Bxg4 Qe7 17.Re1 Qf6 18.Nf3 Rae8 19.Qc2 g6 20.Ne5 Bxe5 21.fxe5 Qg7 22.Bg5 h6
23.Bf6 Rxf6 24.exf6 Qxf6 25.Qd2 Qg7 26.Re2 h5 27.Bh3 g5 28.Rae1 g4 29.Bg2 Rf8
30.Rf2 Re8 31.Qf4 Rc8 32.Bf1 Ne7 33.Bd3 Nc6 34.Kg2 Ne7 35.Re5 Nf5 36.Bxf5 exf5
37.Rfe2 Rf8 38.Re7 Rf7 39.Rxf7 Qxf7 40.Qxc7 Be6 41.Qd8+ Kg7 42.Qd6  1-0

[Event "e2e4 Open"]
[Site "Sunningdale ENG"]
[Date "2010.09.11"]
[Round "3"]
[White "Seyfried,C"]
[Black "Bailey,K"]
[Result "1/2-1/2"]
[WhiteElo "1965"]
[BlackElo "2082"]

1.e4 e6 2.d4 d5 3.Nd2 Nc6 4.Ngf3 Nf6 5.e5 Nd7 6.Bd3 f6 7.Ng5 Ndxe5 8.dxe5 fxg5
9.Qh5+ g6 10.Bxg6+ Kd7 11.O-O Nxe5 12.Bd3 Nxd3 13.cxd3 Qe8 14.Qxg5 Qg6 15.Nf3 Qxg5
16.Bxg5 Bg7 17.d4 c5 18.Rac1 c4 19.Rfe1 Rf8 20.Re2 b5 21.b3 Kc6 22.Bd2 h6
23.Ne5+ Kb6 24.Bb4 Rf5 25.Bc5+ Kb7 26.Nf3 Kc6 27.Nd2 Bd7 28.a4 a6 29.Ra1 Kb7
30.Rb1 Kc7 31.Re3 h5 32.h3 Bh6 33.Re2 Bxd2 34.Rxd2 cxb3 35.axb5  1/2-1/2

[Event "ch-ESP"]
[Site "El Sauzal ESP"]
[Date "2010.09.12"]
[Round "9"]
[White "Ponce Valero,J"]
[Black "Leon Varela,L"]
[Result "1/2-1/2"]
[WhiteElo "2020"]
[BlackElo "2168"]

1.e4 e6 2.d4 d5 3.Nd2 a6 4.Bd3 c5 5.c3 Nc6 6.e5 cxd4 7.Ngf3 dxc3 8.bxc3 Qc7
9.Qe2 g5 10.g4 h5 11.Rg1 Nh6 12.h3 hxg4 13.hxg4 Bg7 14.Bb2 Nxe5 15.Nxg5 Nxd3+
16.Qxd3 Qe5+ 17.Qe3 Qxe3+ 18.fxe3 Bd7 19.Rc1 Rc8 20.Ngf3 O-O 21.Nd4 f6 22.g5 fxg5
23.Rxg5 Nf7 24.Rg2 e5 25.c4 Rfe8 26.N4f3 d4 27.exd4 exd4+ 28.Kf2 Ne5 29.Nxe5 Rxe5
30.Bxd4 Rf8+ 31.Nf3 Rxf3+ 32.Kxf3 Bc6+ 33.Kf4 Re4+ 34.Kf5 Rxd4 35.Rgg1 Bd7+
36.Kg5 Be6 37.c5 Kf7 38.Rcf1+ Ke7 39.Kg6 Be5 40.Rg5 Rg4 41.Rxg4 Bxg4 42.Rf7+ Ke6
43.Rxb7 Bf5+ 44.Kg5 Bd3 45.c6 Bb5 46.Rb6 Bc7 47.Rb7 Kd6 48.Ra7 Bd8+ 49.Kf4 Kxc6
50.Rg7 Kc5 51.Ke3 Kb4 52.Rg2 Bf6 53.Kd2 Ka3 54.Rf2 Bb2 55.Rf4 Kxa2 56.Kc2 Be5
57.Re4 Bd6 58.Rd4 Bc5 59.Rd5 Bb4 60.Rg5 Bc4 61.Rg4 Bb3+ 62.Kc1 a5 63.Rg3 a4
64.Rg2+ Ka3 65.Rg4 Bc3 66.Rg2 Be5 67.Re2 Bd4 68.Kb1 Kb4 69.Re4 Kc5 70.Rxd4 Kxd4
71.Kb2 Kc4  1/2-1/2

[Event "WCh w Blitz Semi-Final"]
[Site "Moscow RUS"]
[Date "2010.09.15"]
[Round "5"]
[White "Pustovoitova,D"]
[Black "Cori T.,D"]
[Result "1/2-1/2"]
[WhiteElo "2333"]
[BlackElo "2368"]

1.e4 e6 2.d4 d5 3.Nd2 Be7 4.Ngf3 Nf6 5.Bd3 c5 6.exd5 Nxd5 7.O-O cxd4 8.Nxd4 Nf4
9.Bb5+ Bd7 10.c3 O-O 11.Qf3 e5 12.Bxd7 Qxd7 13.Nc4 exd4 14.Bxf4 Qb5 15.b3 Nc6
16.Rad1 Rad8 17.Kh1 dxc3 18.Qxc3 Bf6 19.Qg3 Nd4 20.Be3 Nf5 21.Qf3 Nxe3 22.Qxe3 a6
23.h3 h6 24.Qf3 Qb4 25.Rxd8 Rxd8 26.Rd1 Re8 27.g3 b5 28.Ne3 Qc5 29.Kg2 Bg5
30.Nd5 Bd8 31.Qc3 Qxc3 32.Nxc3 Ba5 33.Nd5 Re2 34.a4 bxa4 35.bxa4 Ra2 36.Rd4 Bd8
37.Nb4 Bb6 38.Nxa2 Bxd4 39.f4 Kf8 40.Kf3 Ke7 41.Ke4 Bf2 42.g4 Kd6 43.Nb4 a5
44.Nd3 Bg1 45.f5 Bh2 46.Kd4 g6 47.fxg6 fxg6 48.Kc4 Kc6 49.Nf2 h5 50.gxh5 gxh5
51.Ne4 h4 52.Kd4 Bf4 53.Kc4 Be5 54.Ng5 Bf6  1/2-1/2

[Event "WCh w Blitz Semi-Final"]
[Site "Moscow RUS"]
[Date "2010.09.15"]
[Round "12"]
[White "Pogonina,N"]
[Black "Cori T.,D"]
[Result "0-1"]
[WhiteElo "2491"]
[BlackElo "2368"]

1.e4 e6 2.d4 d5 3.Nd2 Be7 4.e5 c5 5.c3 Nc6 6.Nb3 cxd4 7.cxd4 Nh6 8.Bd3 Nf5
9.Ne2 a5 10.a4 Bb4+ 11.Bd2 Qg5 12.Bxf5 Qxf5 13.Bxb4 Nxb4 14.O-O O-O 15.Ng3 Qd3
16.Qxd3 Nxd3 17.Rab1 b6 18.Nc1 Ba6 19.Rd1 Nb4 20.Nce2 Rac8 21.Nc3 Rc4 22.Rd2 Rfc8
23.Nf1 R4c7 24.Ne3 Rb8 25.Ra1 h6 26.f4 Nd3 27.Ra3 Nxf4 28.Rb3 Bc4 29.Nxc4 dxc4
30.Rb5 Rd7 31.Kf2 Rbd8 32.Ke3 Ng6 33.Ne4 Ne7 34.Nd6 Rc7 35.Rc2 Nd5+ 36.Ke4 c3
37.b3 f5+ 38.Kf3 Nb4 39.Rc1 c2 40.Rxb4 axb4 41.Ke2 Rc3 42.Kd2 Rxb3 43.Rxc2 Ra3
44.Rc6 Ra2+ 45.Kd3 Rb8 46.Kc4 Rxa4 47.Kb5 b3 48.Rc3 Rxd4 49.Rxb3 Rd5+ 50.Kc6 Rxe5  0-1

[Event "TCh-FIN 2010-11"]
[Site "Espoo FIN"]
[Date "2010.09.18"]
[Round "1.4"]
[White "Laine,Pan"]
[Black "Kekki,P"]
[Result "0-1"]
[WhiteElo "2204"]
[BlackElo "2365"]

1.e4 e6 2.d4 d5 3.Nd2 Be7 4.Ngf3 Nf6 5.e5 Nfd7 6.Bd3 c5 7.c3 Nc6 8.O-O g5
9.h3 h5 10.Re1 cxd4 11.cxd4 g4 12.hxg4 hxg4 13.Nh2 g3 14.fxg3 Nxd4 15.Nb3 Nxb3
16.Qxb3 Nc5 17.Bb5+ Bd7 18.Bxd7+ Qxd7 19.Qf3 O-O-O 20.Be3 Kb8 21.Rac1 Ne4
22.Red1 f5 23.g4 f4 24.Bxf4 Bc5+ 25.Kf1 Rdf8 26.Qxe4 Qb5+ 27.Qd3 Rxf4+ 28.Nf3 Qxd3+
29.Rxd3 Rh1+  0-1

[Event "EYCC Boys U14"]
[Site "Batumi GEO"]
[Date "2010.09.22"]
[Round "3"]
[White "Babazade,Jav"]
[Black "Giroyan,G"]
[Result "0-1"]
[WhiteElo "2091"]
[BlackElo "2244"]

1.e4 e6 2.d4 d5 3.Nd2 a6 4.exd5 exd5 5.Bd3 Bd6 6.Nf1 Nc6 7.c3 Nge7 8.Qc2 Be6
9.Ne2 Qd7 10.Nfg3 h5 11.h4 O-O-O 12.Bf4 g6 13.O-O-O Rhe8 14.Bg5 Kb8 15.Rde1 Rc8
16.Nf4 Nd8 17.Re2 Bg4 18.f3 f6 19.Nxg6 fxg5 20.Rhe1 Ndc6 21.fxg4 Bxg3 22.Nxe7 Nxe7
23.Bf5 Nxf5 24.Rxe8 Rxe8 25.Rxe8+ Qxe8 26.Qxf5 Bf4+ 27.Kc2 Qa4+  0-1

[Event "EYCC Boys U16"]
[Site "Batumi GEO"]
[Date "2010.09.23"]
[Round "4"]
[White "Blazeka,M"]
[Black "Lortkipanidze,N"]
[Result "0-1"]
[WhiteElo "2132"]
[BlackElo "2239"]

1.e4 e6 2.d4 d5 3.Nd2 Nc6 4.Ngf3 Nf6 5.e5 Nd7 6.Bb5 Ncb8 7.c3 b6 8.Qe2 a5
9.Nf1 Ba6 10.Bxa6 Nxa6 11.Bg5 Be7 12.h4 c5 13.a3 Nc7 14.Bxe7 Qxe7 15.h5 O-O
16.h6 g6 17.Ne3 f5 18.exf6 Rxf6 19.Ne5 Nxe5 20.dxe5 Rf4 21.Ng4 Kh8 22.f3 d4
23.g3 Rf5 24.c4 b5 25.Rf1 bxc4 26.Qxc4 Nd5 27.Rc1 Rc8 28.f4 g5 29.Qa6 Rg8
30.fxg5 Qxg5 31.Qxe6 Qxc1+  0-1

[Event "39th Olympiad Men"]
[Site "Khanty-Mansiysk RUS"]
[Date "2010.09.23"]
[Round "3"]
[White "Astaneh Lopez,A"]
[Black "Steadman,M"]
[Result "0-1"]
[WhiteElo "2393"]
[BlackElo "2309"]

1.e4 e6 2.d4 d5 3.Nd2 Nc6 4.Ngf3 Nf6 5.e5 Nd7 6.Bd3 Nb4 7.Be2 c5 8.c3 Nc6
9.Bd3 g6 10.a3 Bg7 11.b4 cxd4 12.cxd4 O-O 13.Bb2 a6 14.O-O f6 15.Qe2 fxe5
16.Nxe5 Ndxe5 17.dxe5 Bd7 18.Nb3 Rf7 19.f4 Qb6+ 20.Kh1 Raf8 21.g3 Bc8 22.h4 Bh6
23.Qg4 a5 24.h5 g5 25.Kg2 axb4 26.fxg5 Rf2+ 27.Kh3 Bg7 28.h6 Bxe5 29.g6 Bxb2
30.g7 Re8 31.Rxf2 Qxf2 32.Qh5 e5+ 33.g4 Bxg4+ 34.Kxg4 Qg2+ 35.Kf5 Qg6+ 36.Qxg6 hxg6+
37.Kxg6 Ne7+ 38.Kg5 Bxa1 39.Nxa1 e4 40.Be2 Kh7 41.Bh5 Ra8 42.a4 Rxa4 43.Nc2 b3
44.Ne3 d4 45.Nf5 Ra5 46.Bg4  0-1

[Event "39th Olympiad Women"]
[Site "Khanty-Mansiysk RUS"]
[Date "2010.09.23"]
[Round "3"]
[White "Sarakauskiene,Z"]
[Black "Duran Juarez,C"]
[Result "1-0"]
[WhiteElo "2171"]
[BlackElo "1957"]

1.e4 e6 2.d4 d5 3.Nd2 Nc6 4.Ngf3 Nf6 5.e5 Nd7 6.Nb3 Be7 7.Bb5 a5 8.a4 O-O
9.O-O f6 10.exf6 Bxf6 11.Bxc6 bxc6 12.Re1 Nb6 13.Nc5 Qd6 14.b3 Re8 15.Nd3 Qf8
16.Nfe5 Nd7 17.Ba3 Be7 18.Bxe7 Qxe7 19.Nxc6 Qd6 20.Nce5 Nf6 21.Nc5 Rb8 22.Qd2 Rb4
23.Qc3 Rf8 24.f3 Nh5 25.Ncd3 Rb8 26.Qxa5 Nf4 27.Nxf4 Rxf4 28.Qd2 Rf5 29.Nd3 Bd7
30.Nc5 Rbf8 31.Nd3 Bc8 32.Re5 Rxe5 33.Nxe5 c5 34.Re1 Rf5 35.Qe3 cxd4 36.Qxd4 Qc7
37.c3 Qd6 38.b4 Bd7 39.b5 Be8 40.Nd3 Bd7 41.c4 Rh5 42.g3 Rf5 43.c5 Qc7 44.Kg2 Bc8
45.c6 Qf7 46.b6  1-0

[Event "EYCC Boys U12"]
[Site "Batumi GEO"]
[Date "2010.09.24"]
[Round "6"]
[White "Mraz,O"]
[Black "Shtembuliak,E"]
[Result "0-1"]
[WhiteElo "1788"]
[BlackElo "2020"]

1.e4 e6 2.d4 d5 3.Nd2 a6 4.Bd3 c5 5.c3 Nc6 6.Ne2 cxd4 7.Nxd4 Nf6 8.Nxc6 bxc6
9.e5 Nd7 10.Nf3 Be7 11.O-O a5 12.Re1 Ba6 13.Nd4 Qb6 14.Bxa6 Qxa6 15.Qg4 Kf8
16.f4 c5 17.Nf3 h5 18.Qh3 g6 19.Kh1 Kg7 20.b3 a4 21.Bd2 axb3 22.axb3 Qxa1
23.Rxa1 Rxa1+ 24.Ne1 Rb8 25.c4 dxc4 26.bxc4 Rbb1 27.Qc3 Bd8 28.Qe3 Ba5 29.Bxa5 Rxa5
30.f5 Raa1 31.f6+ Kh7  0-1

[Event "39th Olympiad Women"]
[Site "Khanty-Mansiysk RUS"]
[Date "2010.09.24"]
[Round "4"]
[White "Homiakova,El"]
[Black "Nakhbayeva,G"]
[Result "0-1"]
[WhiteElo "2156"]
[BlackElo "2243"]

1.e4 e6 2.d4 d5 3.Nd2 a6 4.Ngf3 Nf6 5.Bd3 c5 6.exd5 exd5 7.dxc5 Bxc5 8.O-O O-O
9.Nb3 Ba7 10.c3 Bg4 11.Re1 Nc6 12.Bg5 Qd6 13.Bh4 Rfe8 14.Bg3 Qd7 15.Be2 Re7
16.Nfd4 Rae8 17.f3 Bh5 18.Qd2 Bg6 19.Bf1 Ne5 20.Qf2 Nc4 21.Rxe7 Rxe7 22.Rd1 Qa4
23.Bh4 Qxa2 24.Bxc4 dxc4 25.Nc1 Qa4 26.Qf1 Re8 27.Kh1 Nd5 28.Re1 Rxe1 29.Qxe1 h6
30.Bg3 Bxd4 31.cxd4 Qc2 32.Qe8+ Kh7 33.Ne2 Qxb2 34.Qe5 Qb1+ 35.Ng1 Nb4 36.d5 Qd3
37.d6 c3 38.Qc5 c2 39.Bf4 Na2 40.Qc7 Bf5 41.h4 Be6 42.Kh2 b5 43.Nh3 b4 44.Nf2 Qf5
45.Kg3 Qxf4+  0-1

[Event "39th Olympiad Women"]
[Site "Khanty-Mansiysk RUS"]
[Date "2010.09.24"]
[Round "4"]
[White "Orozco,Li"]
[Black "Vahtra,T"]
[Result "0-1"]
[WhiteElo "2154"]
[BlackElo "1991"]

1.e4 e6 2.d4 d5 3.Nd2 Be7 4.Ngf3 Nf6 5.e5 Nfd7 6.c3 c5 7.Bd3 b6 8.Qe2 a5
9.O-O Ba6 10.c4 dxc4 11.Nxc4 b5 12.Nd6+ Bxd6 13.exd6 c4 14.Bxh7 Rxh7 15.Qe4 Rh5
16.Qxa8 Rd5 17.Bf4 Qb6 18.Ne5 Rxe5 19.Qf3 Rf5 20.Qe3 Nc6 21.Rad1 Nb4 22.Qg3 Nd3
23.Qh4 Qd8 24.Qh8+ Nf8 25.Bg3 g5 26.b3 Kd7 27.bxc4 bxc4 28.Rb1 Bb5 29.a4 Bc6
30.Qh5 Ng6 31.Qd1 Nb4 32.Re1 Qa8 33.f3 Rd5 34.Qc1 Nd3 35.Qxc4 Nxe1 36.Rxe1 Qa7
37.Rd1 Nf4 38.Bf2 Kxd6 39.Re1 Qb6 40.Qc2 f5 41.Rb1 Qc7 42.Qa2 Nd3 43.Qa3+ Nb4
44.Qe3 f4 45.Qe4 Bxa4 46.Re1 Qf7 47.Rc1 Qf5 48.Qe2 Qd3 49.Qb2 Qb3 50.Qe2 Nd3
51.Rf1 Bb5 52.Ra1 Nxf2 53.Qxf2 a4 54.h4 gxh4 55.Qxh4 Qe3+ 56.Kh1 Qxd4 57.Qd8+ Bd7
58.Qf8+ Kc6 59.Qa8+ Kc7 60.Rc1+ Rc5 61.Qa7+ Kd6 62.Qb6+ Kd5 63.Re1 Qh8+ 64.Kg1 Qd4+
65.Kh1 Qd2 66.Qb1 Qc2 67.Qb7+ Bc6 68.Qb8 Qc3 69.Rd1+ Kc4 70.Qxf4+ Kb3 71.Qb8+ Rb5
72.Rb1+ Kc4 73.Qf4+ Qd4 74.Rc1+ Kd5 75.Qxd4+ Kxd4 76.Rxc6 a3 77.Ra6 Rb3 78.Kh2 e5
79.Ra5 Kc3 80.g4 Kb2 81.Rxe5 Rxf3 82.Kg2 Rc3 83.Rb5+ Rb3 84.Rf5 a2 85.Rf2+ Ka3
86.Rf1 Rb1 87.Rf3+ Kb4 88.Rf4+ Kc5  0-1

[Event "39th Olympiad Women"]
[Site "Khanty-Mansiysk RUS"]
[Date "2010.09.24"]
[Round "4"]
[White "Duran Juarez,C"]
[Black "Giulian,R"]
[Result "1-0"]
[WhiteElo "1957"]
[BlackElo "1990"]

1.e4 e6 2.d4 d5 3.Nd2 a6 4.Ngf3 c5 5.dxc5 Bxc5 6.Bd3 Nf6 7.Qe2 dxe4 8.Nxe4 Nxe4
9.Bxe4 h6 10.O-O Qf6 11.c3 O-O 12.Ne5 g5 13.h4 Qg7 14.hxg5 hxg5 15.Qh5 f5
16.Ng4 fxg4 17.Bxg5 g3 18.Bh6 Bxf2+ 19.Kh1 Qf6 20.Bg5 Qh8 21.Bh6 Rf6 22.Qe8+  1-0

[Event "39th Olympiad Men"]
[Site "Khanty-Mansiysk RUS"]
[Date "2010.09.25"]
[Round "5"]
[White "Meshkov,Y"]
[Black "Munoz,Li"]
[Result "0-1"]
[WhiteElo "2419"]
[BlackElo "2391"]

1.e4 e6 2.d4 d5 3.Nd2 Be7 4.Bd3 c5 5.dxc5 Nf6 6.Qe2 O-O 7.Ngf3 a5 8.a4 Na6
9.e5 Nd7 10.c3 Naxc5 11.Bb5 f6 12.exf6 Nxf6 13.O-O Bd6 14.Re1 Bd7 15.Nf1 e5
16.Nxe5 Bxe5 17.Qxe5 Re8 18.Qd4 Nb3 19.Rxe8+ Bxe8 20.Qd1 Nxa1 21.Bxe8 Qxe8
22.Be3 Rc8 23.Bd4 Ne4 24.Qxa1 Nc5 25.Qa2 Qc6 26.Ne3 Ne6 27.Nxd5 Kh8 28.Be3 Rd8
29.c4 Nc7 30.Bg5 Nxd5 31.cxd5 Qxd5 32.Qxd5 Rxd5 33.h4 Rd1+ 34.Kh2 Rb1 35.Bd8 Rxb2
36.Bxa5 Ra2 37.Bb6 Rxa4 38.Kg3 Ra6 39.Bd4 b5 40.Kf3 b4 41.Ke3 b3 42.Bc3 Ra2  0-1

[Event "TCh-NED Meesterklasse 2010-11"]
[Site "Netherlands NED"]
[Date "2010.09.25"]
[Round "1.6"]
[White "Kroeze,F"]
[Black "Van de Griendt,JW"]
[Result "1/2-1/2"]
[WhiteElo "2422"]
[BlackElo "2331"]

1.e4 e6 2.d4 d5 3.Nd2 Be7 4.Bd3 c5 5.dxc5 Nf6 6.Qe2 O-O 7.Ngf3 a5 8.O-O Na6
9.e5 Nd7 10.c3 Naxc5 11.Bc2 f6 12.exf6 Bxf6 13.Nb3 b6 14.Nxc5 Nxc5 15.Re1 Ba6
16.Qe3 h6 17.Ne5 Qd6 18.Qg3 Ne4 19.Bxe4 Bxe5 20.Bh7+ Kxh7 21.Rxe5 Rf6 22.Be3 Rg6
23.Qf4 Rf8 24.Qd4 Be2 25.f4 Bf3 26.g3 b5 27.Rf1 Bg4 28.Qb6 Qxb6 29.Bxb6 a4
30.a3  1/2-1/2

[Event "EYCC Girls U14"]
[Site "Batumi GEO"]
[Date "2010.09.26"]
[Round "7"]
[White "Smirnova,Ek"]
[Black "Bellaiche,E"]
[Result "1-0"]
[WhiteElo "1961"]
[BlackElo "1891"]

1.e4 e6 2.d4 d5 3.Nd2 Nc6 4.Ngf3 Nf6 5.e5 Nd7 6.Bb5 a6 7.Bxc6 bxc6 8.Nb3 c5
9.O-O cxd4 10.Bg5 Be7 11.Na5 Nb8 12.Bxe7 Qxe7 13.Qxd4 c5 14.Qg4 O-O 15.c4 Qc7
16.Nb3 d4 17.Nbd2 Nd7 18.Rae1 Rb8 19.Ne4 f5 20.exf6 Nxf6 21.Nxf6+ Rxf6 22.b3 Rg6
23.Ng5 Qe7 24.h4 e5 25.Qe4 Bb7 26.Qxe5 Qxe5 27.Rxe5 h6 28.Re6 Rxe6 29.Nxe6 Rc8
30.f3 Kf7 31.Nf4 Bc6 32.Kf2 Bd7 33.g4 a5 34.Nd3 a4 35.Re1 Kf8 36.Re5 axb3
37.axb3 Be8 38.Nxc5 Ra8 39.Ne6+ Kf7 40.Nxd4 Ra2+ 41.Ke3  1-0

[Event "39th Olympiad Women"]
[Site "Khanty-Mansiysk RUS"]
[Date "2010.09.27"]
[Round "6"]
[White "Jonoska,K"]
[Black "Vojinovic,J"]
[Result "0-1"]
[WhiteElo "2012"]
[BlackElo "2319"]

1.e4 e6 2.d4 d5 3.Nd2 a6 4.Ngf3 Nf6 5.Bd3 c5 6.dxc5 Nc6 7.c3 Bxc5 8.Qe2 O-O
9.O-O h6 10.e5 Nd7 11.Nb3 Bb6 12.Nbd4 Bc7 13.Bf4 Nc5 14.Bc2 f5 15.Nxc6 bxc6
16.Nd4 Bd7 17.f3 Nb7 18.Ba4 c5 19.Bxd7 Qxd7 20.Nc2 Qb5 21.c4 Qxc4 22.Qxc4 dxc4
23.Na3 g5 24.Bg3 Na5 25.Rac1 f4 26.Bf2 Bxe5 27.Nxc4 Nxc4 28.Rxc4 Bxb2 29.Rxc5 Rfc8
30.Rb1 Rxc5 31.Bxc5 Rb8 32.Kf1 Rb5 33.a4 Rxc5 34.Rxb2 Kf7 35.Rb4 Rc1+ 36.Kf2 Rc2+
37.Kf1 Ra2 38.h4 Kf6 39.hxg5+ hxg5 40.Rc4 a5 41.Kg1 e5 42.Kh2 Ke6 43.Rc6+ Kf5
44.Rc4 g4 45.fxg4+ Kxg4 46.Rc5 f3 47.Rxe5 f2 48.Re1 fxe1=B  0-1